01002cam a2200265 a 450000100100000000500170001000800410002702000260006803500190009404000300011308200190014310000300016224500410019226000290023330000210026249000360028365000260031965000400034583000440038591000340042904900090046395201220047295201270059499900150072100000831620200929161327.0770816s1976 sp 000 f spa d a8432505722 :c150ptas a(DLC) 77478609 aDO-SdBNPcDLCdDLCdBNPHU a843.914bD376L1 aDemerson, Georges.92247610aLeyendas de Ibiza /cJorge Demerson. aMadrid :bDoncel,c1976. a197 p. ;c18 cm.1 aEl Libro de bolsillo doncelv96 4aNovela francesa91075 4aLiteratura francesaySIGLO XX94232 0aEl Libro de bolsillo doncel ;v9698628 aCatalogación por copia / LC aBNGR 001054708MOaGRbGRcCTd2009-09-15iLF1l0o843.914 D376Lp8316-10r2020-06-25w2020-06-25y4ZPréstamo en sala 001053728MOaGRbGRcCTd2010-09-09iLF1l0o843.914 D376Lp8316-20r2020-06-25te.2w2020-06-25y4ZPréstamo en sala c8087d8087